Concrete technology (Record no. 4023)

000 -LEADER
fixed length control field 00455nam a22001817a 4500
001 - CONTROL NUMBER
control field 4023
003 - CONTROL NUMBER IDENTIFIER
control field BD-DhUET
008 - FIXED-LENGTH DATA ELEMENTS--GENERAL INFORMATION
fixed length control field 141111b xxu||||| |||| 00| 0 eng d
040 ## - CATALOGING SOURCE
Transcribing agency 0
Modifying agency BD-DhUET
082 ## - DEWEY DECIMAL CLASSIFICATION NUMBER
Classification number 620.136
Item number SHE/1982
100 ## - MAIN ENTRY--PERSONAL NAME
Personal name Shetty, M. S.
245 ## - TITLE STATEMENT
Title Concrete technology
Remainder of title theory and practice
250 ## - EDITION STATEMENT
Edition statement 1st ed.
260 ## - PUBLICATION, DISTRIBUTION, ETC. (IMPRINT)
Place of publication, distribution, etc. New Delhi
Name of publisher, distributor, etc. S. Chand
Date of publication, distribution, etc. 1982
300 ## - PHYSICAL DESCRIPTION
Extent xiv, 592p.
Other physical details ill.
650 #0 - SUBJECT ADDED ENTRY--TOPICAL TERM
Topical term or geographic name as entry element Concrete - Engineering
942 ## - ADDED ENTRY ELEMENTS (KOHA)
Koha item type General Book
Holdings
Koha date last borrowed Copy number Withdrawn status Koha normalized classification for sorting Koha full call number Price effective from Date acquired Shelving location Koha item type Koha issues (times borrowed) Koha collection Koha date last seen Location (home branch) Not for loan Damaged status Piece designation (barcode) Source of classification or shelving scheme Sublocation or collection (holding branch) Lost status
2014-11-112 620_000000000000000_136SHE1982620.136/SHE/19822014-11-112014-11-11Circulation sectionGeneral Book1 2014-12-23Central Library, BUET  58310 Central Library, BUET 
2014-11-161 620_000000000000000_136SHE1982620.136/SHE/19822014-11-162014-11-16Circulation sectionGeneral Book1 2017-06-05Central Library, BUET  56438 Central Library, BUET 
2014-11-183 620_136000000000000_SHE_1982620.136/SHE/19822014-11-182014-11-18Circulation sectionGeneral Book1 2016-09-03Central Library, BUET  58315 Central Library, BUET 
2016-03-054 620_000000000000000_136SHE1982620.136/SHE/19822014-11-262014-11-26Circulation sectionGeneral Book2 2016-08-21Central Library, BUET  58312 Central Library, BUET 
 5 620_136000000000000_SHE_1982620.136/SHE/19822015-02-052015-02-05Circulation sectionGeneral Book Non Fiction2015-02-05Central Library, BUET  58311 Central Library, BUET 
 6 620_136000000000000_SHE_1982620.136/SHE/19822015-06-142015-06-14Reading sectionReading Item  2015-06-14Central Library, BUET  58308 Central Library, BUET 
 7 620_136000000000000_SHE_1982620.136/SHE/19822015-06-152015-06-15Reading sectionReading Item  2015-06-15Central Library, BUET  58309 Central Library, BUET 
 8 620_136000000000000_SHE_1982620.136/SHE/19822015-06-162015-06-16Reading sectionReading Item  2015-06-16Central Library, BUET  58313 Central Library, BUET 
 9 620_136000000000000_SHE_1982620.136/SHE/19822015-06-162015-06-16Reading sectionReading Item  2015-06-16Central Library, BUET  58314 Central Library, BUET 
 10 620_136000000000000_SHE_1982620.136/SHE/19822015-06-202015-06-20Reading sectionReading Item  2015-06-20Central Library, BUET  58316 Central Library, BUET 
 11 620_136000000000000_SHE_1982620.136/SHE/19822015-06-232015-06-23Reading sectionReading Item  2015-06-23Central Library, BUET  55327 Central Library, BUET